Normal view
MARC view
- MULLEN, THOMAS W,JONES, DAVID A
Entry Personal Name
001 - CONTROL NUMBER
- control field: 58282
003 - CONTROL NUMBER IDENTIFIER
- control field: NUST
005 - DATE AND TIME OF LATEST TRANSACTION
- control field: 20210628202111.0
008 - FIXED-LENGTH DATA ELEMENTS
- fixed length control field: 210628|| aca||aabn | a|a d
040 ## - CATALOGING SOURCE
- Original cataloging agency: NUST
- Transcribing agency: NUST
100 ## - HEADING--PERSONAL NAME
- Personal name: MULLEN, THOMAS W,JONES, DAVID A
670 ## - SOURCE DATA FOUND
- Source citation: Work cat.: (NUST): MULLEN, THOMAS W,JONES, DAVID A, BLOW MOLDING, 1961
